Najczęściej zgadywane stolice Świata - Statystyki

Ogólne statystyki
  • Ten quiz został rozwiązany 30 razy
  • Średni wynik to 9 z 10
Statystyki odpowiedzi
% Stolica % Poprawnych
89 Berlin
96%
85 Londyn
96%
88 Madryt
96%
90 Paryż
96%
85 Rzym
96%
93 Warszawa
96%
88 Moskwa
88%
87 Praga
88%
84 Ateny
72%
85 Wiedeń
52%
Nie znaleziono quizów pasujących do podanych kryteriów
Rozkład punktacji
Procent ludzi z każdym wynikiem
Percentyl według liczby udzielonych odpowiedzi
Twoja historia wyników
Nie rozwiązałeś tego quizu